Candy,Candy Anime : Personnages - Statistiques

Statistiques générales
  • Ce quiz a été pris 73 fois
  • Le résultat moyen est 9 sur 16
Statistiques - réponses
Par images Réponse % Correct
Candy
100%
Annie
78%
Anthony
78%
Archibald
70%
Elisa
68%
Albert
65%
Capucin
65%
Soeur Maria
65%
Terrence
65%
Tom
54%
Daniel
49%
Patricia
49%
Alistair
46%
Suzanne
38%
Dorothy
16%
Madame Pony
11%
Aucun quiz correspondant
Distribution des résultats
% des personnes avec chaque résultat
Percentile par nombre de réponses
Votre historique - résultats
Vous n’avez pas pris ce quiz